[Event "Olympiad Women 2024"]
[Site "Budapest HUN"]
[Date "2024.09.13"]
[Round "3.43"]
[Board "2"]
[White "Nusrat Jahan, Alo"]
[Black "Blackman, Katrina"]
[Result "1/2-1/2"]
[WhiteElo "2033"]
[BlackElo "1814"]
[PlyCount "89"]
[EventDate "2024.09.11"]
[WhiteTeam "Bangladesh"]
[BlackTeam "Barbados"]
[WhiteTeamCountry "BAN"]
[BlackTeamCountry "BAR"]

1. e4 e6 2. d4 d5 3. e5 c5 4. c3 Nc6 5. Nf3 Bd7 6. Be2 Qb6 7. a3 Rc8 8. b4 cxd4 9. cxd4 Nge7 10. Bb2 Nf5 11. O-O Be7 12. Qd3 O-O ({RR} 12... Na5 13. Nbd2 Nc4 14. Nxc4 dxc4 15. Qc3 O-O 16. Nd2 Qd8 17. Bf3 Bc6 18. Bxc6 Rxc6 19. b5 Rc7 20. a4 Qd5 21. Rfd1 Rd8 22. Nf3 h5 23. Bc1 a6 24. Rb1 Qe4 25. Be3 axb5 26. Rxb5 Ra8 27. a5 {1-0 Caruana,F (2842)-Wei,Y (2732) PRO League KO Stage rapid 2020 (3.2)}) ({RR} 12... h5 13. Nbd2 g5 14. Nb3 g4 15. Nfd2 Qd8 16. Rac1 Bg5 17. Nc5 b6 18. Nxd7 Qxd7 19. Rc2 O-O 20. Nb3 Nce7 21. Rxc8 Rxc8 22. f3 Be3+ 23. Kh1 g3 24. Bc1 Bxc1 25. Rxc1 Rxc1+ 26. Nxc1 Ng6 27. Qd2 {½-½ Varshini,V (2226)-Sedina,E (2291) Speed Chess (Women) Q1 blitz 2021 (6)}) 13. Nbd2 f6 14. Nb3 fxe5 15. Nxe5 $146 ({RR} 15. dxe5 a6 16. Rac1 Na7 17. Nfd4 Nb5 18. g3 Nbxd4 19. Bxd4 Nxd4 20. Nxd4 Bg5 21. f4 Be7 22. Kg2 Rc7 23. Rxc7 Qxc7 24. Bg4 Qb6 25. Rc1 Rc8 26. Rxc8+ Bxc8 27. Qc3 Bd7 28. h4 g6 29. h5 Kg7 {1-0 Soelch,R (1677)-Dreckmann,F (1760) Bahn-chS 75 Bad Wildungen 2000 (2)}) ({RR} 15. dxe5 a6 16. Qd2 Na7 17. Rac1 Bb5 18. Nbd4 Bxe2 19. Qxe2 Nxd4 20. Bxd4 Qb5 21. Qd2 Nc6 22. Bc5 Bxc5 23. Rxc5 Qa4 24. Qd3 h6 25. Qg6 Rce8 26. Qd3 Rf5 27. Re1 b6 28. Rc3 Rf4 29. Rec1 Ne7 {1-0 Nusrat Jahan,A (1730)-Farooq,N (1706) Joytu Sheikh Hasina Online op 2020 (7)}) ({RR} 15. dxe5 Be8 16. Rac1 Bg6 17. Qd1 a6 18. Nc5 Bxc5 19. Rxc5 Nb8 20. Rxc8 Rxc8 21. Nd4 Nxd4 22. Bxd4 Qc7 23. Bd3 Bxd3 24. Qxd3 Nc6 25. Qc3 Nxd4 26. Qxd4 Qc3 27. Qb6 Qc6 28. Qe3 Qc3 29. Qb6 Qc6 {½-½ Flassig,S (1607)-Schneider,A (1950) GER-chT U16 Verden 2003 (7.1)}) 15... Nxe5 16. dxe5 a6 17. Rac1 Rxc1 18. Rxc1 Bg5 19. Rc2 Bb5 20. Qc3 Ne3 21. Bxb5 Nxc2 22. Qxc2 Qxb5 23. Nd4 Qd7 24. g3 Bd8 25. Qc5 Re8 26. f4 Qe7 27. f5 Qxc5 28. bxc5 exf5 29. Nxf5 Re6 30. Nd6 b6 31. c6 Bc7 32. Nc8 Kf8 33. Nd6 g6 34. a4 Bxd6 35. exd6 Ke8 36. Ba3 d4 37. a5 bxa5 38. Bc5 Re1+ 39. Kf2 Rb1 40. Bxd4 Rd1 41. d7+ Kd8 42. Bb6+ Ke7 43. Bxa5 Rd5 44. Bb6 a5 45. Ke3 1/2-1/2

[Event "Olympiad Women 2024"]
[Site "Budapest HUN"]
[Date "2024.09.13"]
[Round "3.43"]
[Board "3"]
[White "Reifer-Belle, Chanon"]
[Black "Wadifa, Ahmed"]
[Result "0-1"]
[WhiteElo "1736"]
[BlackElo "1988"]
[PlyCount "74"]
[EventDate "2024.09.11"]
[WhiteTeam "Barbados"]
[BlackTeam "Bangladesh"]
[WhiteTeamCountry "BAR"]
[BlackTeamCountry "BAN"]

1. e4 c5 2. c3 Nf6 3. e5 Nd5 4. d4 cxd4 5. Nf3 e6 6. cxd4 d6 7. Be2 dxe5 ({RR} 7... Be7 8. O-O O-O 9. Nc3 Nxc3 10. bxc3 b6 11. exd6 Bxd6 12. Ng5 Nd7 13. Bf3 Rb8 14. Ne4 Qc7 15. Nxd6 Qxd6 16. Qa4 Qc7 17. c4 Nf6 18. Bg5 Bb7 19. Bxf6 gxf6 20. Qxa7 Rfc8 21. Bxb7 Qxb7 22. Qxb7 {½-½ Narciso Dublan,M (2518)-Epishin,V (2642) Andorra op 21st 2003 (7)}) 8. Nxe5 ({RR} 8. dxe5 Bc5 9. O-O Nc6 10. b3 Qc7 11. Bb2 O-O 12. Nbd2 Rd8 13. Rc1 Be7 14. h3 Bd7 15. Re1 Rac8 16. a3 Qb8 17. b4 b5 18. Qb3 a5 19. bxa5 Nxa5 20. Qa2 Nc6 21. Nd4 {0-1 Gorli,N (1213)-Sherali,P (1343) IND-ch U12 Girls 2022 (7)}) 8... Bb4+ $146 ({RR} 8... Nd7 9. O-O Nxe5 10. dxe5 Be7 11. Bb5+ Bd7 12. Qa4 Bxb5 13. Qxb5+ Qd7 14. Qb3 O-O 15. Nc3 Nxc3 16. Qxc3 Rac8 17. Qb3 Rc5 18. Be3 Rxe5 19. Bxa7 Rb5 20. Qc3 Bf6 21. Qe3 Rxb2 22. Bc5 Ra8 23. a3 {0-1 Puppi Lazo,S (1992)-Fontaine,Q (2324) FIDE World Uni Rapid-C 1st 2021 (10)}) 9. Bd2 Bxd2+ 10. Qxd2 O-O 11. O-O Nd7 12. Nc3 Nxc3 13. Qxc3 Nf6 14. Rfd1 Nd5 15. Qb3 b6 16. Rac1 Bb7 17. Bb5 Qg5 18. Bc6 Bxc6 19. Rxc6 Rac8 20. Qb5 Nf4 21. g3 Rxc6 22. Qxc6 Ne2+ 23. Kf1 Nxd4 24. Nxf7 Qf6 25. Qe4 Nf5 26. Rd8 Qxf7 27. Rxf8+ Qxf8 28. Qxe6+ Kh8 29. Qd7 h5 30. Qxa7 Qd8 31. Qf7 Qd3+ 32. Kg2 Qe4+ 33. Kg1 h4 34. Qh5+ Kg8 35. Kf1 Nd4 36. Kg1 Nf3+ 37. Kg2 h3+ 0-1

[Event "Olympiad Women 2024"]
[Site "Budapest HUN"]
[Date "2024.09.13"]
[Round "3.43"]
[Board "4"]
[White "Hamid, Rani"]
[Black "Springer, Leshay"]
[Result "1-0"]
[WhiteElo "1900"]
[BlackElo "1425"]
[PlyCount "79"]
[EventDate "2024.09.11"]
[WhiteTeam "Bangladesh"]
[BlackTeam "Barbados"]
[WhiteTeamCountry "BAN"]
[BlackTeamCountry "BAR"]

1. e4 c5 2. Nf3 d6 3. d4 Nf6 4. Nc3 cxd4 5. Nxd4 g6 6. Be2 Bg7 7. Be3 O-O 8. O-O Nc6 9. Kh1 d5 10. Nxc6 bxc6 11. e5 Nd7 12. f4 Nb6 ({RR} 12... e6 13. Na4 Qa5 14. c4 Rd8 15. cxd5 cxd5 16. Bd2 Qc7 17. Rc1 Qb8 18. Ba5 Nb6 19. Rf3 f6 20. Rb3 fxe5 21. Bxb6 axb6 22. Nxb6 Bb7 23. Nxa8 Qxa8 24. Rc7 Bc8 25. Ra3 Qb8 26. Raa7 Bf6 27. fxe5 {1-0 Patil Divya (1559)-Kiran,M (2096) 48th ch-IND w 2022 (8.19)}) 13. a4 a5 14. Qd4 Rb8 $146 ({RR} 14... Nd7 15. Bg4 e6 16. Qd2 Ba6 {½-½ Feltrin,K (1753)-Dzamastagic,E (1458) Nova Gorica op-A 19th 2014 (7)}) 15. Qd2 Qc7 16. Bc5 Rd8 17. Nd1 Bf5 18. Ne3 Nc4 19. Bxc4 dxc4 20. Qc3 Be6 21. Rad1 f6 22. Nxc4 Bxc4 23. Qxc4+ Kh8 24. exf6 exf6 25. b3 Bh6 26. Bd4 Rf8 27. Qe6 Bg7 28. Bc5 Rfe8 29. Qc4 Bf8 30. Bxf8 Rxf8 31. Qe6 Rbe8 32. Qh3 Kg7 33. Rd7+ Qxd7 34. Qxd7+ Kh8 35. Qxc6 Re7 36. Qd6 Rfe8 37. Qxf6+ Kg8 38. g3 Re2 39. Qc6 Rd8 40. Qc4+ 1-0

[Event "Olympiad Women 2024"]
[Site "Budapest HUN"]
[Date "2024.09.13"]
[Round "3.44"]
[Board "1"]
[White "Silva, Mariana"]
[Black "Aliu, Arlinda"]
[Result "1-0"]
[WhiteElo "2005"]
[BlackElo "1780"]
[PlyCount "61"]
[EventDate "2024.09.11"]
[WhiteTeam "Portugal"]
[BlackTeam "Kosovo"]
[WhiteTeamCountry "POR"]
[BlackTeamCountry "KOS"]

1. d4 Nf6 2. c4 g6 3. Nc3 Bg7 4. Nf3 d6 5. g3 O-O 6. Bg2 c5 7. O-O Nc6 8. dxc5 dxc5 9. Bf4 Nh5 10. Be3 b6 11. Qc1 Be6 ({RR} 11... Bb7 12. Bh6 Qe8 13. g4 Nf6 14. h3 Rd8 15. Qe3 Nd4 16. Bxg7 Kxg7 17. Qe5 Nc6 18. Qg3 Rd7 19. Rad1 Rxd1 20. Rxd1 Qb8 21. g5 Nh5 22. Qxb8 Rxb8 23. e3 Kf8 24. b3 Ng7 25. Nb5 Ne6 26. h4 {½-½ Mamedyarov,S (2759)-Jones,G (2669) Chessable Masters Prelim rapid 2022 (13)}) ({RR} 11... Bb7 12. Rd1 Qe8 13. Bh6 Rd8 14. Bxg7 Nxg7 15. Nd5 Rd7 16. Bh3 Rd6 17. Qf4 f6 18. Nxe7+ Qxe7 19. Qxd6 Qxe2 20. Bg2 Qxb2 21. Qc7 Rf7 22. Qd6 Nf5 23. Qd3 Nfd4 24. Nxd4 Nxd4 25. Bxb7 Rxb7 26. Re1 {1-0 Mamedov,E (2317)-Martic,I (2280) Titled Tue 30th Apr Early 2024 (4)}) 12. Ng5 $146 ({RR} 12. Rd1 Qc8 13. b3 Bh3 14. Bh6 Bxg2 15. Kxg2 Qb7 16. Bxg7 Nxg7 17. Nd5 f6 18. Rd3 e6 19. Nf4 g5 20. Nh3 g4 21. Qh6 Ne5 22. Rc3 Rad8 23. Nf4 gxf3+ 24. exf3 Rd4 25. Re1 Qc6 26. Qh3 Rfd8 {0-1 Rustemov,A (2525)-Yang,K (2481) Chess.com Rapid Wk14 Swiss 2022 (4)}) ({RR} 12. Rd1 Qe8 13. Nd5 Rc8 14. Bh6 f6 15. Bxg7 Nxg7 16. a3 Kh8 17. Qc3 Nf5 18. e3 Nd6 19. Nd2 Bxd5 20. Bxd5 Ne5 21. f4 Nd7 22. Be6 Rc7 23. e4 Qa8 24. Re1 Qc6 25. e5 Ne8 26. Bd5 Qa4 {1-0 Rustemov,A (2525)-Yang,K (2481) Titled Tuesday intern op 08th Feb Early blitz 2022 (5)}) 12... Qc8 13. Nxe6 Qxe6 14. Bd5 Qc8 15. Rd1 Nf6 16. Bg2 Rb8 17. Bf4 e5 18. Bg5 Qe6 19. Bxf6 Bxf6 20. e3 Rbd8 21. Nd5 Bg5 22. Qc3 e4 23. h4 Be7 24. Nf4 Rxd1+ 25. Rxd1 Qe5 26. Qxe5 Nxe5 27. Bxe4 Nxc4 28. Rd7 Bd8 29. b3 Ne5 30. Rxa7 Kg7 31. Ne6+ 1-0

[Event "Olympiad Women 2024"]
[Site "Budapest HUN"]
[Date "2024.09.13"]
[Round "3.44"]
[Board "2"]
[White "Recica, Jona"]
[Black "Silva, Ana Ines Teixeira Da"]
[Result "1/2-1/2"]
[WhiteElo "1791"]
[BlackElo "1925"]
[PlyCount "96"]
[EventDate "2024.09.11"]
[WhiteTeam "Kosovo"]
[BlackTeam "Portugal"]
[WhiteTeamCountry "KOS"]
[BlackTeamCountry "POR"]

1. e4 e5 2. Nf3 Nc6 3. d4 exd4 4. Bc4 Nf6 5. Ng5 d5 6. exd5 Qe7+ 7. Kf1 Ne5 8. Qxd4 Nxc4 9. Qxc4 h6 ({RR} 9... Qd7 10. Nc3 Bd6 11. Be3 O-O 12. Rd1 Re8 13. h3 Qf5 14. g4 Qxc2 15. Rd2 Qg6 16. Nf3 Ne4 17. Nxe4 Rxe4 18. Qc2 Re8 19. Qxg6 hxg6 20. Kg2 f5 21. g5 f4 22. Bd4 Bf5 23. Nh4 Be4+ 24. f3 {½-½ Tomczak,J (2588)-Buhmann,R (2584) EU-ch blitz Katowice 2017 (13)}) 10. Nf3 Bg4 ({RR} 10... Qc5 11. Qe2+ Be7 12. c4 Nxd5 13. Na3 Nb4 14. Nb5 a6 15. Be3 Qc6 16. Nfd4 Qd7 17. Nc3 O-O 18. Rd1 Bf6 19. Nb3 Qc6 20. a3 Bxc3 21. bxc3 Be6 22. Na5 Qa4 23. cxb4 b6 24. Rc1 bxa5 25. Qb2 {0-1 Recica,J (1791)-Saidova,R (1873) Olympiad Women 2024 (5.51)}) 11. Qb5+ $146 ({RR} 11. Nc3 Bxf3 12. gxf3 Qc5 13. Qxc5 Bxc5 14. Ne4 Be7 15. c4 O-O-O 16. Be3 b6 17. Rg1 Nh5 18. Rd1 g5 19. Ng3 Nxg3+ 20. fxg3 c6 21. Rg2 cxd5 22. cxd5 Rhe8 23. Rc2+ Kb7 24. Kf2 Rd7 25. g4 Bd6 {½-½ Hasselmann,D-Arning,N Mecklenburg VP LL2 0607 2006 (8.1)}) 11... Qd7 12. Qxd7+ Nxd7 13. c4 O-O-O 14. Be3 Bxf3 15. gxf3 Ne5 16. Nd2 Bb4 17. Bd4 Rhe8 18. Bxe5 Rxe5 19. Ne4 f5 20. Ng3 c6 21. f4 Re7 22. Rd1 g6 23. a3 Bd6 24. Ne2 Re4 25. Rd4 Rde8 26. dxc6 Rxd4 27. cxb7+ Kxb7 28. Nxd4 Re4 29. Nb5 Bxf4 30. b3 Be5 31. a4 a6 32. Na3 Rd4 33. Ke2 Re4+ 34. Kd1 Rf4 35. Ke2 Rh4 36. h3 g5 37. Kf3 Rd4 38. Ke3 Re4+ 39. Kf3 Rf4+ 40. Kg2 Rd4 41. Re1 Bd6 42. Nc2 Rd2 43. Re6 Bc5 44. Ne3 f4 45. Ng4 h5 46. Nf6 Rxf2+ 47. Kh1 Rf1+ 48. Kh2 Rf2+ 1/2-1/2

[Event "Olympiad Women 2024"]
[Site "Budapest HUN"]
[Date "2024.09.13"]
[Round "3.44"]
[Board "3"]
[White "Duque, Raquel Dos Santos"]
[Black "Saraci, Rinesa"]
[Result "0-1"]
[WhiteElo "1913"]
[BlackElo "1757"]
[PlyCount "90"]
[EventDate "2024.09.11"]
[WhiteTeam "Portugal"]
[BlackTeam "Kosovo"]
[WhiteTeamCountry "POR"]
[BlackTeamCountry "KOS"]

1. d4 Nf6 2. Nf3 e6 3. g3 d5 4. Bg2 c5 5. O-O Be7 6. dxc5 Bxc5 7. c4 O-O 8. Qc2 Qb6 ({RR} 8... Be7 9. Rd1 Nc6 10. Nc3 Bd7 11. Bf4 Rc8 12. cxd5 exd5 13. Qd3 Nb4 14. Qd2 Be6 15. Nd4 Nc6 16. Rac1 Qd7 17. Nxe6 fxe6 18. Bg5 Ng4 19. Bxe7 Qxe7 20. Rf1 Nce5 21. h3 Nc4 22. Qd4 Nge5 23. b3 {1-0 Kraai,J (2502)-Sadorra,J (2431) WMSG Blitz Team 1st 2008 (3)}) ({RR} 8... Be7 9. cxd5 exd5 10. Nd4 Bd7 11. Nc3 Nc6 12. Rd1 Rc8 13. Bg5 h6 14. Bf4 Nxd4 15. Rxd4 Bc5 16. Rdd1 Qb6 17. e3 Be6 18. Be5 Ng4 19. Bd4 Rfd8 20. Qe2 Bxd4 21. Rxd4 Nf6 22. Rad1 Qa5 23. a3 {1-0 Ishvi,A (2008)-Hernandez,A (1976) WSCC Speed Play-In 1 2024 (7)}) 9. Nc3 Be7 $146 ({RR} 9... Bd7 10. Ne5 Qc7 11. Nxd7 Nbxd7 12. cxd5 exd5 13. Qb3 d4 14. Na4 Rae8 15. Bf4 Qa5 16. Nxc5 Nxc5 17. Qc4 Qb6 18. Qxd4 Rxe2 19. Bd6 Rd8 20. Qc4 Qa6 21. Qxc5 Rxd6 22. Rfe1 Rdd2 23. Rxe2 Rxe2 24. Bf1 {1-0 Ngo T Thanh,T-Le T Kim,H VIE-ch U17 Girls 2003 (7)}) ({RR} 9... Bd7 10. cxd5 Nxd5 11. Nxd5 exd5 12. Ng5 g6 13. Bxd5 Na6 14. Qb3 Qxb3 15. Bxb3 Kg7 16. Rd1 Bc6 17. Bd2 Bd4 18. Bc3 Bxc3 19. bxc3 h6 20. Nf3 Bxf3 21. exf3 Rfd8 22. Re1 Nc5 23. Bc4 Kf8 24. Re3 {1-0 Cespedes Torres,J (1772)-Casusol Guzman,J Chiclayo Raffo Niquen IRT 1st 2012 (7)}) 10. Be3 Qa5 11. cxd5 Nxd5 12. Nxd5 exd5 13. Nd4 Be6 14. Rfd1 Rc8 15. Qb3 Nc6 16. Qb4 b6 17. Qxb6 Qb4 18. Qa6 Nxd4 19. Bxd4 Rc4 20. Bc3 Qc5 21. a3 Rd8 22. Bb4 Qc7 23. Ba5 Rd6 24. Qb5 Qd7 25. Qb3 Rdc6 26. Qd3 Ra4 27. b4 Bf6 28. Rab1 Rc3 29. Qd2 Rcxa3 30. Rbc1 Ra2 31. Qf4 h6 32. Be4 Qb5 33. Rc5 Qe8 34. Bd3 Ra1 35. Rxa1 Rxa1+ 36. Kg2 Bg5 37. Qc7 Bg4 38. f3 Be6 39. f4 Bf6 40. Rb5 Bd4 41. e3 Ra2+ 42. Kf3 h5 43. Bc2 Bg4+ 44. Kg2 Qe4+ 45. Kf1 Ra1+ 0-1

[Event "Olympiad Women 2024"]
[Site "Budapest HUN"]
[Date "2024.09.13"]
[Round "3.44"]
[Board "4"]
[White "Saraci, Ndriqona"]
[Black "Avelino, Camila Biscaya"]
[Result "0-1"]
[WhiteElo "1656"]
[BlackElo "1843"]
[PlyCount "74"]
[EventDate "2024.09.11"]
[WhiteTeam "Kosovo"]
[BlackTeam "Portugal"]
[WhiteTeamCountry "KOS"]
[BlackTeamCountry "POR"]

1. e4 {ChessBase II} c5 2. Nf3 d6 3. d4 ({RR} 3. Bb5+) 3... cxd4 4. Nxd4 Nf6 5. Nc3 Nc6 6. Bc4 Qb6 7. Nf3 ({RR} 7. Nxc6 bxc6 8. O-O g6 9. Qe1) ({RR} 7. Nb3 e6 8. O-O Be7 9. Be3) 7... g6 ({RR} 7... e6 8. O-O Bd7 9. Be3 Qc7 10. Qe2 a6 11. Rad1 Be7 12. Bb3 O-O 13. h3 b5 14. Bf4 Ne5 15. Bh2 Rac8 16. Nd4 Rfd8 17. f4 Nc4 18. e5 Nxb2 19. exf6 Bxf6 20. Ne4 Nxd1 21. Nxf6+ gxf6 22. Rxd1 {1-0 Dourerassou,J (2477)-Lewtak,D (2404) Titled Tuesday intern op 26th Jan blitz 2021 (6)}) ({RR} 7... e6 8. O-O Be7 9. Bb3 O-O 10. Be3 Qc7 11. Nd4 a6 12. a4 Ne5 13. Qe2 Bd7 14. f4 Neg4 15. Kh1 Nxe3 16. Qxe3 Qc5 17. Qd2 b5 18. Qd3 b4 19. Nce2 e5 20. fxe5 dxe5 21. Nf5 Bxf5 22. Rxf5 {½-½ De la Vega Alvarez,J (1744)-Klisowski,B (1885) Wroclaw Open B 2024 (2.36)}) ({RR} 7... e6) 8. Be3 $146 ({RR} 8. O-O Bg7 9. Ng5 O-O 10. Nxf7 Rxf7 11. Bxf7+ Kxf7 12. Nd5 Qd4 13. Nxf6 Bxf6 14. Qf3 Be6 15. c3 Qc4 16. Re1 Ne5 17. Qf4 Nd3 18. Qe3 Nxe1 19. Qxe1 Rc8 20. Qe3 Qc5 21. Qf3 b5 22. Be3 Qc4 {0-1 Blazys,T-Pidluznij,G (1756) LTU-chT Lithuania 2018 (4.5)}) ({RR} 8. h3 Bg7 9. O-O O-O 10. Re1 Rd8 11. Rb1 e6 12. a3 Nxe4 13. Nxe4 d5 14. Bd3 dxe4 15. Rxe4 e5 16. Re2 ({RR} 16. Be3 Qc7 17. Rh4) 16... Bf5 17. Nh4 Nd4 {0-1 Salem,A-Flores,M WchT U26 01 prel-3 1978 (1)} ({RR} 17... e4)) ({RR} 8. O-O Bg7 9. Qe2 O-O 10. Bb3 Bd7 11. Be3 Qa5) 8... Qxb2 9. Nd5 Nxd5 10. Bxd5 Bg7 11. Bxc6+ bxc6 12. Bd4 Bxd4 13. Qxd4 Qxd4 14. Nxd4 c5 15. Nb5 Kd7 16. Rd1 Ba6 17. a4 Bxb5 18. axb5 Rhb8 19. c4 a6 20. bxa6 Rxa6 21. Ke2 Rb2+ 22. Rd2 Rxd2+ 23. Kxd2 Ra2+ 24. Ke3 Rc2 25. f3 Rxc4 26. Kd3 Ra4 27. h4 Ke6 28. f4 f5 29. exf5+ Kxf5 30. h5 Rxf4 31. hxg6 hxg6 32. Rh7 Kf6 33. Rh8 Rg4 34. Rf8+ Ke5 35. Rf2 Kd5 36. Re2 e5 37. Kc3 c4 0-1

[Event "Olympiad Women 2024"]
[Site "Budapest HUN"]
[Date "2024.09.13"]
[Round "3.45"]
[Board "1"]
[White "Strade, Arita"]
[Black "Perez Rodriguez, Jennifer"]
[Result "0-1"]
[WhiteElo "1946"]
[BlackElo "2224"]
[PlyCount "60"]
[EventDate "2024.09.11"]
[WhiteTeam "Guernsey"]
[BlackTeam "Paraguay"]
[BlackTeamCountry "PAR"]

1. e4 e5 2. f4 d5 3. exd5 exf4 4. Nf3 Nf6 5. c4 Bd6 6. Be2 ({RR} 6. d4 O-O 7. Be2 c5 8. dxc6 Nxc6 9. Nc3 Bg4 10. O-O Bc7 11. d5 Bxf3 12. Bxf3 Ne5 13. c5 Nxf3+ 14. Rxf3 Be5 15. d6 Rc8 16. Bxf4 Rxc5 17. Bxe5 Rxe5 18. Qd4 Rfe8 19. Rd1 Qd7 20. h3 h6 {1-0 Livaic,L (2576)-Estrada Nieto,J (2263) Titled Tuesday intern op 26th Jul Late blitz 2022 (3)}) ({RR} 6. d4 O-O 7. Be2 c6 8. dxc6 Nxc6 9. O-O Bg4 10. Nc3 Re8 11. c5 Bf8 12. Bxf4 Bxf3 13. Bxf3 Qxd4+ 14. Qxd4 Nxd4 15. Bxb7 Bxc5 16. Na4 Bf8 17. Bxa8 Rxa8 18. Be5 Ne2+ 19. Kh1 Ng4 20. Nc3 Nxe5 {1-0 Karaev,S (2280)-George Micheal,K (2271) Titled Tue 2nd Jul Early 2024 (6)}) 6... O-O 7. O-O Re8 8. Nc3 h6 $146 ({RR} 8... Nbd7 9. d4 b6 10. Nb5 Nf8 11. Nxd6 Qxd6 12. Ne5 Qe7 13. Bd3 Bb7 14. Bxf4 Qb4 15. Rf2 N8d7 16. Nxd7 Nxd7 17. d6 cxd6 18. a3 Qa5 19. b4 Qa6 20. b5 {1-0 Huisman,H (2062)-Nord,A (1810) FRA-chT2A 0506 2005 (11.8)}) ({RR} 8... Bg4 9. d4 Na6 10. Qb3 Rb8 11. c5 Nxc5 12. dxc5 Bxc5+ 13. Kh1 Bd6 14. Bd2 Nh5 15. Bd3 h6 16. Qc2 a6 17. a4 Nf6 18. Bc4 Bh5 19. Rae1 Qd7 20. Nd4 g5 21. Qf5 Qd8 22. Rxe8+ Nxe8 23. Qh3 {½-½ Schildt,R-Keil,U Berlin Unicorn op 2004 (1)}) 9. Nb5 Bf8 10. d4 g5 11. Ne5 c6 12. dxc6 bxc6 13. Nc3 Qc7 14. Bf3 Bb7 15. Nd3 Nbd7 16. Bd2 Rad8 17. Qc2 Nb6 18. Ne2 Bc8 19. Ne5 c5 20. Nc6 cxd4 21. Nxd8 Rxd8 22. Qd3 Qxc4 23. Be4 Nxe4 24. Qxe4 d3 25. Nc3 Qc5+ 26. Kh1 Nc4 27. Qe1 Bb7 28. b3 Ne3 29. Bxe3 fxe3 30. Nd1 e2 0-1

[Event "Olympiad Women 2024"]
[Site "Budapest HUN"]
[Date "2024.09.13"]
[Round "3.45"]
[Board "2"]
[White "Vargas, Gabriela"]
[Black "Nevska, Gerda"]
[Result "1-0"]
[WhiteElo "2109"]
[BlackElo "1892"]
[PlyCount "63"]
[EventDate "2024.09.11"]
[WhiteTeam "Paraguay"]
[BlackTeam "Guernsey"]
[WhiteTeamCountry "PAR"]

1. d4 e5 2. dxe5 d6 3. Nf3 Nc6 4. Bf4 Bg4 5. Nc3 Bxf3 6. exf3 dxe5 7. Qxd8+ $146 ({RR} 7. Be3 Bb4 8. Bb5 Nge7 9. Qe2 Bxc3+ 10. bxc3 O-O 11. Rd1 Qc8 12. Bc5 Rd8 13. O-O a6 14. Ba4 Nd5 15. Bxc6 bxc6 16. Rd3 Qf5 17. Rfd1 Re8 18. Qe4 Qe6 19. g3 f5 20. Qa4 e4 21. fxe4 fxe4 {0-1 Pinheiro,I (2306)-Arslanov,S (2410) Titled Tue 28th Nov Early 2023 (8)}) ({RR} 7. Be3 Bd6 8. Bc4 Nf6 9. O-O Qd7 10. Ne4 Nxe4 11. fxe4 O-O-O 12. c3 f5 13. exf5 Qxf5 14. Qb3 Qh5 15. Be6+ Kb8 16. Bd5 e4 17. g3 Bxg3 18. fxg3 Rxd5 19. Rae1 Ne5 20. Qa4 b6 21. Qxe4 Ng4 {1-0 Le Tuan Minh (2567)-Arslanov,S (2410) Titled Tue 18th Jun Early 2024 (2)}) ({RR} 7. Be3 Bb4 8. Bc4 Nf6 9. Qd2 Qe7 10. O-O Rd8 11. Qe1 O-O 12. a3 Bc5 13. b4 Bxe3 14. fxe3 e4 15. fxe4 Nxe4 16. Nd5 Qg5 17. Rd1 Ne5 18. Rf5 Qxf5 19. Ne7+ Kh8 20. Nxf5 Nxc4 21. Rd4 Ncd2 {1-0 Montalban Galvez,A (2221)-Apolo Sanchez,M (1997) Xativa Murta op 2nd 2016 (8)}) 7... Rxd8 8. Bd2 Bc5 9. Ne4 Bb6 10. Bd3 Nge7 11. a3 a6 12. O-O O-O 13. Rad1 h6 14. Be3 Nd4 15. c3 f5 16. Bc4+ Kh8 17. cxd4 exd4 18. Bg5 hxg5 19. Nxg5 Rd7 20. Be6 Rdd8 21. Nf7+ Rxf7 22. Bxf7 Nd5 23. Rfe1 Kh7 24. Re5 c6 25. Bxd5 cxd5 26. Kf1 Rc8 27. Ke2 Rc2+ 28. Rd2 Rc6 29. Kd3 Kg6 30. Rxd5 a5 31. Re2 Bc5 32. Rc2 1-0

[Event "Olympiad Women 2024"]
[Site "Budapest HUN"]
[Date "2024.09.13"]
[Round "3.45"]
[Board "3"]
[White "Denning, Julie L"]
[Black "Oviedo Acosta, Paula"]
[Result "0-1"]
[WhiteElo "1741"]
[BlackElo "1790"]
[PlyCount "68"]
[EventDate "2024.09.11"]
[WhiteTeam "Guernsey"]
[BlackTeam "Paraguay"]
[BlackTeamCountry "PAR"]

1. e4 c5 2. c3 a6 3. d4 cxd4 4. cxd4 d5 5. e5 ({RR} 5. exd5 Nf6 6. Nc3 Nxd5 7. Nf3 Nc6 8. Bc4 Be6 9. Bb3 Na5 10. Bc2 Nxc3 11. bxc3 g6 12. O-O Bg7 13. Re1 Bd5 14. Bg5 Nc6 15. Nd2 b5 16. Be4 h6 17. Qf3 Bxe4 18. Nxe4 O-O 19. Bf4 e6 {½-½ Nisipeanu,L (2657)-Fier,A (2562) Tegernsee Masters 2020 (6)}) 5... Nc6 6. f4 $146 ({RR} 6. Nc3 Bf5 7. Be2 e6 8. Be3 Nge7 9. Rc1 Rc8 10. h4 h6 11. g4 Bh7 12. h5 Rc7 13. f4 Nc8 14. Nf3 Nb6 15. O-O Na5 16. f5 exf5 17. g5 hxg5 18. Nxg5 Nac4 19. Bf4 Nxb2 20. Qb3 N2c4 {0-1 Martic,I (2279)-Kazakouski,V (2603) Titled Tue 21st May Early 2024 (5)}) ({RR} 6. h3 Bf5 7. Nf3 e6 8. a3 Nge7 9. Nc3 Nc8 10. Bd3 Bxd3 11. Qxd3 Be7 12. O-O O-O 13. Ne1 Nb6 14. Nc2 Rc8 15. Re1 Na5 16. Rb1 Qd7 17. Qg3 Kh8 18. Bg5 Rc7 19. Bxe7 Qxe7 20. f4 Nac4 {0-1 Kislinsky,A (2361)-Kazakouski,V (2577) Titled Tue 31st Oct Early 2023 (6)}) 6... Qb6 7. Nc3 e6 8. Nf3 Nge7 9. g4 h5 10. g5 Nf5 11. Na4 Bb4+ 12. Kf2 Qa7 13. Be3 Bd7 14. Nc5 Bxc5 15. dxc5 Nxe3 16. Kxe3 Qxc5+ 17. Nd4 g6 18. Rc1 Qb6 19. b3 Ke7 20. Be2 Rac8 21. Qd2 Rc7 22. Rhd1 Rhc8 23. Rb1 Nxd4 24. Qxd4 Rc3+ 25. Bd3 Qa5 26. Ra1 Bb5 27. Kf2 Rxd3 28. Rxd3 Rc2+ 29. Kg3 Bxd3 30. Kh4 Qd2 31. Rh1 Qg2 32. Qb4+ Ke8 33. Qa4+ b5 34. Qxa6 Qg4# 0-1

[Event "Olympiad Women 2024"]
[Site "Budapest HUN"]
[Date "2024.09.13"]
[Round "3.46"]
[Board "1"]
[White "Shuqja, Klean"]
[Black "Kaslan, Catherine"]
[Result "1-0"]
[WhiteElo "2042"]
[BlackElo "1902"]
[PlyCount "101"]
[EventDate "2024.09.11"]
[WhiteTeam "Albania"]
[BlackTeam "Suriname"]
[WhiteTeamCountry "ALB"]
[BlackTeamCountry "SUR"]

1. e4 c5 2. Nf3 d6 3. Bb5+ Nd7 4. d4 cxd4 5. Qxd4 a6 6. Bxd7+ Bxd7 7. Bg5 Qc7 8. Nc3 e6 9. O-O-O Rc8 10. Rhe1 Qc5 11. Qd2 b5 12. Be3 $146 ({RR} 12. e5 d5 13. Ne4 Qb4 14. c3 Qa5 15. Kb1 h6 16. Bh4 b4 17. cxb4 Qxb4 18. Qxb4 Bxb4 19. Nd6+ Bxd6 20. exd6 Nf6 21. Rc1 g5 22. Rxc8+ Bxc8 23. Rc1 O-O 24. Bg3 Rd8 25. Ne5 Bd7 26. Rc7 Be8 {1-0 Nepomniachtchi,I (2483)-L'Ami,E (2531) Moscow Aeroflot op-A 2005 (5)}) ({RR} 12. Nd5 exd5 13. exd5+ Be7 14. Qe2 f6 15. Rd3 fxg5 16. Nxg5 Bf5 17. Rd2 Qc4 {0-1 Rehberg,R (2264)-Huschenbeth,N (2585) GER-ch 88th Apolda 2017 (6)}) 12... Qc4 13. Ne5 Qc7 14. Nxd7 Qxd7 15. Bf4 Rc6 16. Re3 f6 17. Rd3 e5 18. Be3 Nh6 19. Bxh6 gxh6 20. Nd5 Qe6 21. Rc3 Rxc3 22. Qxc3 Kf7 23. Qc7+ Be7 24. Nxe7 Qxe7 25. Qxd6 Rc8 26. Qxe7+ Kxe7 27. Rd3 Rc4 28. f3 Ra4 29. Kb1 Rc4 30. b3 Rc8 31. c3 Ke6 32. Kb2 Rg8 33. g3 Rc8 34. b4 Ke7 35. Kb3 Ke6 36. a4 f5 37. exf5+ Kxf5 38. axb5 axb5 39. Rd5 Rb8 40. f4 Kg4 41. Rxe5 h5 42. Rg5+ Kf3 43. Rxh5 Rb7 44. f5 Kg4 45. Rh4+ Kxf5 46. c4 bxc4+ 47. Kxc4 Ke5 48. Kc5 Rc7+ 49. Kb6 Rd7 50. b5 Rd6+ 51. Kc7 1-0